Nghề cắt may

Một vài khái niệm cơ bản về nghề. Vật liệu và dụng cụ cắt may, những đường may cơ bản, kỹ thuật cắt may và một số kiểu mẫu áo quần

Gorde:
Xehetasun bibliografikoak
Egile nagusia: Nguyễn Thị Hạnh
Formatua: Liburua
Hizkuntza:Vietnamese
Argitaratua: H. Giáo dục 1994
Gaiak:
Etiketak: Etiketa erantsi
Etiketarik gabe, Izan zaitez lehena erregistro honi etiketa jartzen!
Thư viện lưu trữ: Mạng thư viện Đại học Đà Nẵng
LEADER 01313nam a2200361 4500
001 000006687
003 2845
005 20110919080949.0
008 110916s1994 viesd
020 |c 5800đ 
041 0 |a vie 
082 |a 646.2  |b NG-H 
100 0 |a Nguyễn Thị Hạnh 
245 0 |a Nghề cắt may  |c Nguyễn Thị Hạnh 
260 |a H.  |b Giáo dục  |c 1994 
300 |a 108 tr  |b minh hoạ  |c 27 cm 
500 |a Bộ Giáo dục và đào tạo 
520 |a Một vài khái niệm cơ bản về nghề. Vật liệu và dụng cụ cắt may, những đường may cơ bản, kỹ thuật cắt may và một số kiểu mẫu áo quần 
653 |a kỹ thuật cắt may 
653 |a Công nghiệp nhẹ 
653 |a may mặc 
700 |a Nguyễn Thị Hạnh 
910 |a Nguyễn Thị Kim Oanh  |d 16/09/2011 
OWN |a LSP 
AVA |a UDN50  |b LSP  |d 646.2 NG-H  |e unavailable  |t Error 5002 Not defined in file expand_doc_bib_avail.  |f 1  |g 1  |h N  |i 0  |k 1 
999 |a From the UDN01 
AVA |a UDN50  |b LSP  |d 646.2 NG-H  |e unavailable  |t Error 5002 Not defined in file expand_doc_bib_avail.  |f 1  |g 1  |h N  |i 0  |k 1 
TYP |a Monograph 
TYP |a Printed language 
980 |a Mạng thư viện Đại học Đà Nẵng